[Event "FICGS class C 000308 email"]
[Site "FICGS email"]
[Date "2023.01.10"]
[Round "1"]
[White "Autobello, Giovanni"]
[Black "Dotti Contra, Alessandro"]
[Result "0-1"]
[WhiteElo "1720"]
[BlackElo "1732"]
[PlyCount "32"]
[EventDate "2023.??.??"]
[EventType "tourn (corr)"]
[EventRounds "4"]
[SourceTitle "Corr 2024"]
[Source "ChessBase"]
[SourceDate "2023.10.19"]
[SourceVersion "1"]
[SourceVersionDate "2023.10.19"]
[SourceQuality "1"]

1. e4 e5 2. Nf3 Nc6 3. Bc4 Bc5 4. 0-0 Nf6 5. c3 Nxe4 6. d4 exd4 7. cxd4 d5 8. Bb3 Bb4 9. h3 0-0 10. Nbd2 Bf5 11. a3 Ba5 12. Bc2 Qf6 13. Nb3 Bb6 14. Be3 Rad8 15. Rc1 Rfe8 16. Bb1 h6 0-1

[Event "FICGS rapid D 000136 email"]
[Site "FICGS email"]
[Date "2020.11.26"]
[Round "1"]
[White "Dotti Contra, Alessandro"]
[Black "Joubert, Hennie"]
[Result "1-0"]
[WhiteElo "1521"]
[BlackElo "1483"]
[PlyCount "57"]
[EventDate "2020.??.??"]
[EventType "tourn (rapid)"]
[EventRounds "5"]
[SourceTitle "Corr 2022"]
[Source "ChessBase"]
[SourceDate "2021.10.24"]
[SourceVersion "1"]
[SourceVersionDate "2021.10.24"]
[SourceQuality "1"]

1. d4 Nf6 2. Nf3 g6 3. e3 Bg7 4. Be2 0-0 5. 0-0 d6 6. Nc3 Nbd7 7. b3 c5 8. dxc5 Nxc5 9. Bb2 b6 10. a4 Bb7 11. b4 Nce4 12. Nxe4 Bxe4 13. Nd2 Bb7 14. b5 Rc8 15. Ra3 Qd7 16. h3 e5 17. Rc3 Rxc3 18. Bxc3 Rc8 19. Bb2 Nd5 20. c4 Nf6 21. Bf3 Bxf3 22. Qxf3 Nh5 23. g4 Nf6 24. g5 Nh5 25. Qg4 Qd8 26. Ne4 Kh8 27. Nxd6 Rc7 28. Rd1 Rd7 29. Nxf7+ 1-0

[Event "FICGS rapid D 000136 email"]
[Site "FICGS email"]
[Date "2020.11.26"]
[Round "1"]
[White "Leurette, Marc Antoine"]
[Black "Dotti Contra, Alessandro"]
[Result "0-1"]
[WhiteElo "1641"]
[BlackElo "1521"]
[PlyCount "58"]
[EventDate "2020.??.??"]
[EventType "tourn (rapid)"]
[EventRounds "5"]
[SourceTitle "Corr 2022"]
[Source "ChessBase"]
[SourceDate "2021.10.24"]
[SourceVersion "1"]
[SourceVersionDate "2021.10.24"]
[SourceQuality "1"]

1. e4 e5 2. Nf3 Nc6 3. Bc4 Nf6 4. Ng5 d5 5. exd5 Nb4 6. Nxf7 Kxf7 7. d6+ Be6 8. Bxe6+ Kxe6 9. dxc7 Qxc7 10. Nc3 Rd8 11. 0-0 Bc5 12. d3 Rhf8 13. a3 Nbd5 14. Bd2 Nxc3 15. Bxc3 Bd4 16. Bxd4 exd4 17. Re1+ Kf7 18. Qd2 Ng4 19. g3 Rfe8 20. Rxe8 Rxe8 21. Qd1 h5 22. h3 Nf6 23. Qd2 g6 24. Kg2 Qc6+ 25. f3 Re3 26. Rf1 g5 27. Kf2 Rxf3+ 28. Ke1 Qe6+ 29. Qe2 Re3 0-1

[Event "FICGS rapid D 000132 email"]
[Site "FICGS email"]
[Date "2020.05.14"]
[Round "1"]
[White "Dotti Contra, Alessandro"]
[Black "Trigance, Emile"]
[Result "1-0"]
[WhiteElo "1414"]
[BlackElo "1596"]
[PlyCount "23"]
[EventDate "2020.??.??"]
[EventType "tourn (rapid)"]
[EventRounds "5"]
[SourceTitle "Corr 2022"]
[Source "ChessBase"]
[SourceDate "2021.10.24"]
[SourceVersion "1"]
[SourceVersionDate "2021.10.24"]
[SourceQuality "1"]

1. e4 e6 2. d4 d5 3. Nc3 Bb4 4. Bd2 dxe4 5. Qg4 Nf6 6. Qxg7 Rg8 7. Qh6 Qxd4 8. Nge2 Qd8 9. 0-0-0 Bf8 10. Qe3 Bd7 11. Nxe4 Bc6 12. Bc3 1-0

[Event "FICGS class E 000216 email"]
[Site "FICGS email"]
[Date "2018.11.15"]
[Round "1"]
[White "Dotti Contra, Alessandro"]
[Black "Budnar, Milos"]
[Result "1-0"]
[WhiteElo "1326"]
[BlackElo "1220"]
[PlyCount "47"]
[EventDate "2018.??.??"]
[EventType "tourn (corr)"]
[EventRounds "5"]
[SourceTitle "Corr 2022"]
[Source "ChessBase"]
[SourceDate "2021.10.24"]
[SourceVersion "1"]
[SourceVersionDate "2021.10.24"]
[SourceQuality "1"]

1. e4 e5 2. Nf3 Nc6 3. Bc4 Bc5 4. 0-0 h6 5. Nc3 Nf6 6. d3 0-0 7. Nd5 d6 8. h3 Be6 9. a3 a6 10. b4 Bd4 11. Nxd4 Nxd4 12. c3 Nb5 13. Bb2 Na7 14. Re1 c6 15. Ne3 Bxc4 16. Nxc4 b5 17. Ne3 g6 18. Qf3 c5 19. bxc5 dxc5 20. d4 cxd4 21. cxd4 exd4 22. Nd5 Nc6 23. Nxf6+ Kg7 24. e5 1-0

[Event "P-5089"]
[Site "IECC email"]
[Date "2018.03.24"]
[Round "?"]
[White "Dotti Contra, Alessandro"]
[Black "Keiper, Archie"]
[Result "1/2-1/2"]
[WhiteElo "1606"]
[BlackElo "1702"]
[PlyCount "112"]
[EventDate "2018.??.??"]
[EventType "tourn (corr)"]
[SourceTitle "Corr 2020"]
[Source "ChessBase"]
[SourceDate "2019.09.30"]
[SourceVersion "1"]
[SourceVersionDate "2019.09.30"]
[SourceQuality "1"]
[WhiteTeam "Italy"]
[BlackTeam "United States"]
[WhiteTeamCountry "ITA"]
[BlackTeamCountry "USA"]

1. e4 e5 2. Nf3 Nc6 3. Bc4 Bc5 4. 0-0 d6 5. d3 Bg4 6. Nbd2 Nf6 7. c3 Qd7 8. b4 Bb6 9. h3 Bxh3 10. gxh3 Qxh3 11. Nh2 0-0-0 12. Qf3 Qxf3 13. Nhxf3 d5 14. exd5 Nxd5 15. b5 Na5 16. Nxe5 Rhe8 17. Nxf7 Rd7 18. Bxd5 Rxd5 19. d4 Rxb5 20. Ne5 Rd5 21. Ndf3 c5 22. Be3 Nc6 23. Nxc6 bxc6 24. Rab1 Re6 25. Rfd1 cxd4 26. cxd4 h5 27. Rb4 g5 28. Nxg5 Rxe3 29. fxe3 Rxg5+ 30. Kf2 h4 31. Rh1 Bc7 32. Rc4 Kd7 33. Rc5 Rxc5 34. dxc5 Bd8 35. Rd1+ Kc7 36. Kg2 Be7 37. Kh3 Bxc5 38. e4 Bf2 39. e5 c5 40. e6 Bd4 41. Re1 Kd8 42. Re2 Bf6 43. Re4 a5 44. Ra4 Ke7 45. Rxa5 Kxe6 46. Rxc5 Kd6 47. Rh5 Bd8 48. a4 Kc6 49. Rb5 Be7 50. Rb1 Bd8 51. Rb4 Be7 52. Rb5 Bd8 53. Rb8 Bc7 54. Rb5 Bd8 55. Rb1 Kc5 56. Rb5+ Kc6 1/2-1/2

[Event "P-4986"]
[Site "IECC email"]
[Date "2015.11.24"]
[Round "?"]
[White "Balmelle, Jean Luc"]
[Black "Dotti Contra, Alessandro"]
[Result "0-1"]
[WhiteElo "1670"]
[BlackElo "1474"]
[PlyCount "100"]
[EventDate "2015.??.??"]
[EventType "tourn (corr)"]
[SourceTitle "Corr 2020"]
[Source "ChessBase"]
[SourceDate "2019.09.30"]
[SourceVersion "1"]
[SourceVersionDate "2019.09.30"]
[SourceQuality "1"]
[WhiteTeam "France"]
[BlackTeam "Italy"]
[WhiteTeamCountry "FRA"]
[BlackTeamCountry "ITA"]

1. f4 d5 2. Nf3 Nf6 3. e3 Bg4 4. Be2 Nc6 5. 0-0 e6 6. d4 Bd6 7. Bd2 0-0 8. Be1 Ne7 9. Ne5 Bxe2 10. Qxe2 c5 11. c3 Ne4 12. Nd2 Nxd2 13. Bxd2 Rc8 14. Be1 f6 15. Nf3 Qd7 16. Bd2 a6 17. e4 dxe4 18. Qxe4 cxd4 19. Nxd4 Bc5 20. Be3 Qd5 21. Qf3 e5 22. Nf5 Qxf3 23. Nxe7+ Bxe7 24. Rxf3 e4 25. Rff1 Rfd8 26. Rad1 f5 27. Bb6 Rd6 28. Rxd6 Bxd6 29. Rd1 Rc6 30. Bd4 g6 31. g3 b5 32. Kf2 Kf7 33. Ke3 Be7 34. Rc1 Ke6 35. b3 g5 36. Ra1 gxf4+ 37. Kxf4 Bd6+ 38. Ke3 Be5 39. Bxe5 Kxe5 40. Rc1 Rh6 41. c4 Rxh2 42. c5 Rg2 43. c6 Rxg3+ 44. Kf2 Rg8 45. c7 Rc8 46. Rc5+ Kf4 47. b4 h5 48. Rc6 h4 49. Rh6 Rxc7 50. Rxh4+ Ke5 0-1

[Event "IECC O-4066"]
[Site "IECC email"]
[Date "2015.09.29"]
[Round "?"]
[White "Cook, Phil"]
[Black "Dotti Contra, Alessandro"]
[Result "0-1"]
[WhiteElo "1487"]
[BlackElo "1416"]
[PlyCount "80"]
[EventDate "2015.??.??"]
[EventType "swiss (corr)"]
[EventRounds "2"]
[SourceTitle "Corr 2020"]
[Source "ChessBase"]
[SourceDate "2019.09.30"]
[SourceVersion "1"]
[SourceVersionDate "2019.09.30"]
[SourceQuality "1"]
[WhiteTeam "New Zealand"]
[BlackTeam "Italy"]
[WhiteTeamCountry "NZL"]
[BlackTeamCountry "ITA"]

1. e4 e5 2. Nf3 Nc6 3. Bb5 Nf6 4. 0-0 Bc5 5. d3 d6 6. a4 0-0 7. c3 a6 8. Bc4 Bg4 9. h3 Bh5 10. g4 Bg6 11. Bg5 h6 12. Bh4 Bb6 13. Nbd2 Na5 14. Ba2 c5 15. Nc4 Nxc4 16. Bxc4 Ba5 17. Nh2 Rb8 18. f4 exf4 19. Rxf4 Qc7 20. Rxf6 gxf6 21. Qf3 b5 22. axb5 axb5 23. Bd5 c4 24. d4 b4 25. Qxf6 Kh7 26. Be1 bxc3 27. bxc3 Rb3 28. h4 Rg8 29. h5 Bxh5 30. Bd2 Rg6 31. Qf5 Bxc3 32. Kf2 Bxd4+ 33. Ke2 Rh3 34. gxh5 Rxh2+ 35. Kd1 Rxh5 36. Qxh5 Bxa1 37. Qf5 Kg7 38. Qf2 Qd7 39. Qf5 Rg1+ 40. Ke2 Qxf5 0-1

[Event "FICGS class F 000164 email"]
[Site "FICGS email"]
[Date "2015.08.12"]
[Round "1"]
[White "Dotti Contra, Alessandro"]
[Black "Barradas, Anderson"]
[Result "1-0"]
[WhiteElo "1144"]
[BlackElo "1361"]
[PlyCount "55"]
[EventDate "2015.??.??"]
[EventType "tourn (corr)"]
[EventRounds "5"]
[SourceTitle "Corr 2022"]
[Source "ChessBase"]
[SourceDate "2021.10.24"]
[SourceVersion "1"]
[SourceVersionDate "2021.10.24"]
[SourceQuality "1"]

1. e4 e5 2. Nf3 Nf6 3. Nc3 c6 4. Nxe5 d6 5. Nf3 Bg4 6. h3 Bh5 7. d4 d5 8. exd5 cxd5 9. Qe2+ Be7 10. Qb5+ Nbd7 11. Nxd5 Nxd5 12. Qxd5 Bxf3 13. Qxf3 b6 14. Bb5 0-0 15. 0-0 a6 16. Bc4 b5 17. Bd3 h6 18. Re1 Nb6 19. Qe4 g6 20. Qxe7 Qxe7 21. Rxe7 Nd5 22. Re5 Nb4 23. Be4 Rae8 24. Bxh6 Rxe5 25. dxe5 Re8 26. Bf4 f5 27. Bd3 Nc6 28. Re1 1-0

[Event "FICGS class F 000164 email"]
[Site "FICGS email"]
[Date "2015.08.12"]
[Round "1"]
[White "Dotti Contra, Alessandro"]
[Black "Raman, Ranganathan"]
[Result "1-0"]
[WhiteElo "1144"]
[BlackElo "1303"]
[PlyCount "25"]
[EventDate "2015.??.??"]
[EventType "tourn (corr)"]
[EventRounds "5"]
[SourceTitle "Corr 2022"]
[Source "ChessBase"]
[SourceDate "2021.10.24"]
[SourceVersion "1"]
[SourceVersionDate "2021.10.24"]
[SourceQuality "1"]

1. e4 e5 2. Nf3 Qf6 3. Bc4 Bc5 4. 0-0 Ne7 5. d3 Nbc6 6. Bg5 Qd6 7. Nc3 a6 8. Nd5 Nxd5 9. Bxd5 h6 10. Bh4 g5 11. Bg3 f6 12. c3 h5 13. d4 1-0

[Event "FICGS class F 000158 email"]
[Site "FICGS email"]
[Date "2015.04.02"]
[Round "1"]
[White "Dotti Contra, Alessandro"]
[Black "Cavaille, Cedric"]
[Result "1-0"]
[WhiteElo "1096"]
[BlackElo "967"]
[PlyCount "95"]
[EventDate "2015.??.??"]
[EventType "tourn (corr)"]
[EventRounds "5"]
[SourceTitle "Corr 2022"]
[Source "ChessBase"]
[SourceDate "2021.10.24"]
[SourceVersion "1"]
[SourceVersionDate "2021.10.24"]
[SourceQuality "1"]

1. e4 c5 2. Nf3 d6 3. Bc4 Nf6 4. Nc3 e6 5. 0-0 Be7 6. d3 0-0 7. e5 dxe5 8. Nxe5 Nbd7 9. Bf4 Nxe5 10. Bxe5 Bd6 11. Bxd6 Qxd6 12. h3 a6 13. a4 b6 14. Qf3 Rb8 15. Rfe1 Bb7 16. Qg3 Rfd8 17. Qxd6 Rxd6 18. f3 Nd5 19. Bxd5 Bxd5 20. Ne4 Rd7 21. b3 f5 22. Nc3 Re8 23. a5 b5 24. Re5 Kf7 25. Rae1 g5 26. g4 Rde7 27. Nxd5 exd5 28. Rxf5+ Kg6 29. Rxe7 Rxe7 30. Rxd5 h5 31. Rxc5 hxg4 32. hxg4 Re1+ 33. Kf2 Rc1 34. Rc6+ Kf7 35. Ke3 Re1+ 36. Kd4 Rf1 37. Rxa6 Rxf3 38. Rb6 Rf4+ 39. Ke5 Rxg4 40. Rxb5 Rg2 41. a6 Rxc2 42. a7 Ra2 43. Rb7+ Kg6 44. b4 g4 45. Kf4 Kh5 46. Rb5+ Kg6 47. Ra5 Rxa5 48. bxa5 1-0

[Event "FICGS class F 000158 email"]
[Site "FICGS email"]
[Date "2015.04.02"]
[Round "1"]
[White "Kehayov, Yulian"]
[Black "Dotti Contra, Alessandro"]
[Result "0-1"]
[WhiteElo "996"]
[BlackElo "1096"]
[PlyCount "36"]
[EventDate "2015.??.??"]
[EventType "tourn (corr)"]
[EventRounds "5"]
[SourceTitle "Corr 2022"]
[Source "ChessBase"]
[SourceDate "2021.10.24"]
[SourceVersion "1"]
[SourceVersionDate "2021.10.24"]
[SourceQuality "1"]

1. d4 d5 2. c4 e6 3. c5 Nc6 4. Nf3 Nf6 5. Nc3 Be7 6. e3 0-0 7. Be2 Ne4 8. Nxe4 dxe4 9. Ne5 Nxe5 10. 0-0 Nd3 11. Bxd3 exd3 12. Qxd3 Bxc5 13. b3 Bd6 14. e4 Bd7 15. e5 Be7 16. Bb2 Bc6 17. h3 Qd5 18. Rac1 Qxg2# 0-1

[Event "P-4932"]
[Site "IECC email"]
[Date "2014.11.18"]
[Round "?"]
[White "Dranse, Phil"]
[Black "Dotti Contra, Alessandro"]
[Result "0-1"]
[WhiteElo "1265"]
[BlackElo "1372"]
[PlyCount "104"]
[EventDate "2014.??.??"]
[EventType "tourn (corr)"]
[SourceTitle "Corr 2020"]
[Source "ChessBase"]
[SourceDate "2019.09.30"]
[SourceVersion "1"]
[SourceVersionDate "2019.09.30"]
[SourceQuality "1"]
[WhiteTeam "Ireland"]
[BlackTeam "Italy"]
[WhiteTeamCountry "IRL"]
[BlackTeamCountry "ITA"]

1. c4 Nf6 2. Nc3 g6 3. e4 c5 4. Nf3 Bg7 5. d4 cxd4 6. Nxd4 Nc6 7. Nc2 0-0 8. Be2 d6 9. 0-0 Re8 10. Be3 Be6 11. Rb1 Rc8 12. Qd2 Qa5 13. b4 Qd8 14. f4 Ng4 15. f5 Nxe3 16. Nxe3 Bd7 17. Ng4 Ne5 18. Nh6+ Kh8 19. Qg5 Rf8 20. Nd5 Nxc4 21. Nxe7 f6 22. Nxg6+ hxg6 23. Qh4 Qb6+ 24. Kh1 g5 25. Nf7+ Kg8 26. Nh6+ Kh7 27. Qh5 Be8 28. Nf7+ Kg8 29. Nh6+ Bxh6 30. Qxh6 Nd2 31. Rbc1 Rc7 32. Rxc7 Qxc7 33. Re1 Nxe4 34. Bf3 Qc3 35. Rb1 Nf2+ 36. Kg1 Ne4 37. h3 Qe3+ 38. Kh2 Qf4+ 39. Kg1 Qxf5 40. Bg4 Qf2+ 41. Kh2 f5 42. Bd1 Rf6 43. Bb3+ Bf7 44. Bxf7+ Rxf7 45. Qg6+ Kf8 46. Qe6 Re7 47. Qh6+ Ke8 48. Qg6+ Kd7 49. Rd1 Qg3+ 50. Kg1 Qe3+ 51. Kh2 Qf4+ 52. Kg1 Nc3 0-1

[Event "FICGS W-ch st1 g03 email"]
[Site "FICGS email"]
[Date "2014.11.01"]
[Round "1"]
[White "Dotti Contra, Alessandro"]
[Black "Cornel, Matei"]
[Result "0-1"]
[WhiteElo "1115"]
[BlackElo "2153"]
[PlyCount "96"]
[EventDate "2014.??.??"]
[EventType "tourn (corr)"]
[EventRounds "8"]
[SourceTitle "Corr 2022"]
[Source "ChessBase"]
[SourceDate "2021.10.24"]
[SourceVersion "1"]
[SourceVersionDate "2021.10.24"]
[SourceQuality "1"]

1. e4 c5 2. Nf3 Nc6 3. Bc4 e6 4. 0-0 Nf6 5. d3 d5 6. exd5 exd5 7. Bb3 Be7 8. Bf4 0-0 9. Nbd2 Nh5 10. Be5 a5 11. c3 Bg4 12. d4 cxd4 13. cxd4 Nxe5 14. dxe5 Nf4 15. h3 Bh5 16. Qb1 Rc8 17. Bc2 g6 18. a3 f6 19. e6 f5 20. Re1 Qd6 21. Nd4 Qb6 22. N2f3 Bc5 23. Qd1 Qxb2 24. Bb3 Bxf3 25. Qxf3 Qxd4 26. Rad1 Qb2 27. Rb1 Qxf2+ 28. Qxf2 Bxf2+ 29. Kxf2 Nd3+ 30. Ke2 Nxe1 31. Kxe1 Rfe8 32. Bxd5 Rc5 33. Bxb7 Rxe6+ 34. Kf2 Rc2+ 35. Kg1 Re3 36. a4 Ra3 37. Bd5+ Kg7 38. Bb3 Rd2 39. Kh2 Kh6 40. Kg1 Kg5 41. Kh1 Kh4 42. Bg8 Kg3 43. Rg1 Rxa4 44. Bxh7 Rda2 45. Bxg6 Ra1 46. Bxf5 Rxg1+ 47. Kxg1 Ra1+ 48. Bb1 Rxb1# 0-1

[Event "FICGS W-ch st1 g03 email"]
[Site "FICGS email"]
[Date "2014.11.01"]
[Round "1"]
[White "Dotti Contra, Alessandro"]
[Black "Ruzin, Mikhail"]
[Result "0-1"]
[WhiteElo "1115"]
[BlackElo "1877"]
[PlyCount "178"]
[EventDate "2014.??.??"]
[EventType "tourn (corr)"]
[EventRounds "8"]
[SourceTitle "Corr 2022"]
[Source "ChessBase"]
[SourceDate "2021.10.24"]
[SourceVersion "1"]
[SourceVersionDate "2021.10.24"]
[SourceQuality "1"]

1. e4 c5 2. Nf3 Nc6 3. Bc4 e6 4. Nc3 a6 5. 0-0 b5 6. Be2 Nf6 7. d3 Qc7 8. g3 Be7 9. a3 0-0 10. Be3 d5 11. exd5 exd5 12. d4 c4 13. Qd2 Re8 14. Rfe1 Bh3 15. Bf1 Bxf1 16. Rxf1 b4 17. axb4 Bxb4 18. Qc1 Bxc3 19. bxc3 Ne4 20. Qa3 Qd7 21. Rfe1 a5 22. Rab1 Qe7 23. Ra1 Qxa3 24. Rxa3 f6 25. Bf4 g5 26. Be3 Rab8 27. h4 h6 28. Kg2 Rb2 29. Rc1 Kg7 30. Nd2 Nxd2 31. Bxd2 Re2 32. Be3 Rbxc2 33. Rxc2 Rxc2 34. h5 Kf7 35. g4 f5 36. gxf5 Kf6 37. Kf1 Kxf5 38. f3 Rh2 39. Ra1 Rh1+ 40. Bg1 Rh3 41. Ke2 Rxh5 42. Rb1 Rh3 43. Rb5 Ke6 44. Be3 Rh1 45. Rb6 Kd7 46. Rb7+ Kc8 47. Rb6 Kc7 48. Rb2 Na7 49. Bd2 Kc6 50. Ra2 Kb6 51. Kf2 Nb5 52. Kg2 Rd1 53. Kf2 Rb1 54. f4 gxf4 55. Bxf4 Nxc3 56. Rc2 Ne4+ 57. Ke3 Rb3+ 58. Ke2 h5 59. Be3 a4 60. Kf3 a3 61. Ra2 Nc3 62. Ra1 a2 63. Bd2 Ne4+ 64. Be3 Ra3 65. Ke2 Rb3 66. Kf3 Nc3 67. Bd2 Nb1+ 68. Be3 Rb2 69. Bc1 Rc2 70. Bg5 Nd2+ 71. Kg3 Nb3 72. Re1 a1Q 73. Rxa1 Nxa1 74. Kf4 Re2 75. Kf3 Re4 76. Bd8+ Kb5 77. Bc7 c3 78. Bd6 Nc2 79. Kf2 Nb4 80. Kf3 c2 81. Bf4 Rxf4+ 82. Kxf4 c1Q+ 83. Kg3 Nd3 84. Kh4 Qh6 85. Kg3 Qf4+ 86. Kg2 Qf2+ 87. Kh1 Qe2 88. Kg1 Nf4 89. Kh1 Qg2# 0-1

[Event "FICGS W-ch st1 g03 email"]
[Site "FICGS email"]
[Date "2014.11.01"]
[Round "1"]
[White "O Brien, Glenn"]
[Black "Dotti Contra, Alessandro"]
[Result "1-0"]
[WhiteElo "1676"]
[BlackElo "1115"]
[PlyCount "139"]
[EventDate "2014.??.??"]
[EventType "tourn (corr)"]
[EventRounds "8"]
[SourceTitle "Corr 2022"]
[Source "ChessBase"]
[SourceDate "2021.10.24"]
[SourceVersion "1"]
[SourceVersionDate "2021.10.24"]
[SourceQuality "1"]

1. e4 e5 2. Nf3 Nc6 3. Bb5 a6 4. Ba4 Nf6 5. 0-0 Bd6 6. Re1 0-0 7. c3 b5 8. Bb3 Bb7 9. d4 exd4 10. cxd4 Be7 11. Nc3 Bb4 12. e5 Nh5 13. g4 Nf6 14. exf6 Qxf6 15. Bg5 Qg6 16. d5 Na5 17. Bc2 Qb6 18. Qd4 Qxd4 19. Nxd4 Bxc3 20. bxc3 Bxd5 21. a4 Nc4 22. axb5 axb5 23. Rxa8 Rxa8 24. Nxb5 Ne5 25. Bd1 Ra1 26. Nd4 f6 27. Bd2 c5 28. Nf5 Kf8 29. Ne3 Ra2 30. Nxd5 Rxd2 31. Ne3 d5 32. f3 d4 33. Nf1 Rd3 34. cxd4 cxd4 35. f4 Nf3+ 36. Bxf3 Rxf3 37. Re4 Rd3 38. Kf2 Kf7 39. Ke2 Rh3 40. Rxd4 Ke6 41. Rd3 Rh4 42. h3 f5 43. Ne3 Rxh3 44. gxf5+ Kf7 45. Ng4 Rxd3 46. Kxd3 h5 47. Ne5+ Kf6 48. Ke4 h4 49. Ng4+ Ke7 50. Kf3 Kd6 51. Kf2 Kc5 52. f6 gxf6 53. Nxf6 Kd4 54. Kf3 h3 55. Ng4 Kd5 56. f5 Kd6 57. Kg3 Ke7 58. f6+ Ke6 59. Kxh3 Kf7 60. Kg3 Ke6 61. Kf4 Kd6 62. Kf5 Kd7 63. f7 Ke7 64. Ne5 Kf8 65. Ke6 Kg7 66. Ke7 Kh6 67. f8Q+ Kg5 68. Qf6+ Kh5 69. Qf5+ Kh4 70. Qg4# 1-0

[Event "FICGS W-ch st1 g03 email"]
[Site "FICGS email"]
[Date "2014.11.01"]
[Round "1"]
[White "Pech, Jaroslav Senior"]
[Black "Dotti Contra, Alessandro"]
[Result "0-1"]
[WhiteElo "1208"]
[BlackElo "1115"]
[PlyCount "30"]
[EventDate "2014.??.??"]
[EventType "tourn (corr)"]
[EventRounds "8"]
[SourceTitle "Corr 2022"]
[Source "ChessBase"]
[SourceDate "2021.10.24"]
[SourceVersion "1"]
[SourceVersionDate "2021.10.24"]
[SourceQuality "1"]

1. c4 Nf6 2. Nc3 e5 3. Nf3 d6 4. d4 exd4 5. Nxd4 Be7 6. g3 0-0 7. Bg2 c5 8. Nc2 Nc6 9. Ne3 Be6 10. 0-0 Qd7 11. b3 a6 12. Bb2 Rad8 13. Qd2 Rfe8 14. Ncd5 Bxd5 15. cxd5 Ne5 0-1

[Event "IECC Swiss-564.4"]
[Site "IECC email"]
[Date "2014.03.27"]
[Round "?"]
[White "Jordaan, Wayne"]
[Black "Dotti Contra, Alessandro"]
[Result "1-0"]
[WhiteElo "1869"]
[BlackElo "1374"]
[PlyCount "123"]
[EventDate "2014.??.??"]
[EventType "swiss (corr)"]
[EventRounds "1"]
[SourceTitle "Corr 2020"]
[Source "ChessBase"]
[SourceDate "2019.09.30"]
[SourceVersion "1"]
[SourceVersionDate "2019.09.30"]
[SourceQuality "1"]
[WhiteTeam "South Africa"]
[BlackTeam "Italy"]
[WhiteTeamCountry "RSA"]
[BlackTeamCountry "ITA"]

1. d4 d5 2. c4 Nf6 3. Nc3 e6 4. Nf3 Nc6 5. e3 Bb4 6. Bd3 0-0 7. 0-0 Bd7 8. cxd5 Nxd5 9. Qc2 g6 10. e4 Nxc3 11. bxc3 Be7 12. Rb1 b6 13. Bh6 Re8 14. Qd2 Bf8 15. e5 Qe7 16. Rfe1 Na5 17. Bf4 Bg7 18. Ng5 Bc6 19. Ne4 Bd5 20. Bg5 Qf8 21. Nf6+ Bxf6 22. Bxf6 Rac8 23. Ba6 Bb7 24. Bxb7 Nxb7 25. Rbd1 c5 26. d5 exd5 27. Qxd5 Rc7 28. Re4 c4 29. Rxc4 Nc5 30. g3 b5 31. Rcd4 Ne6 32. R4d2 a6 33. Qd6 Qxd6 34. exd6 Rd7 35. Rd5 Rc8 36. R5d3 Ng7 37. g4 Ne8 38. Be7 Rc4 39. h3 f5 40. gxf5 gxf5 41. Rd5 Ng7 42. R1d4 Rxc3 43. a4 Rb3 44. Kg2 Ne6 45. Rh4 Ng7 46. Rc5 h5 47. Rc6 a5 48. Ra6 Rb4 49. Rxb4 axb4 50. a5 Ne6 51. Rb6 Nd4 52. Bf6 Ne6 53. a6 b3 54. Bb2 Nf4+ 55. Kg3 Nd3 56. Rb8+ Kf7 57. Rb7 Ke6 58. Rxd7 Kxd7 59. a7 Nxb2 60. a8Q Nc4 61. Qf8 Nxd6 62. Qg7+ 1-0

[Event "FICGS class F 000144 email"]
[Site "FICGS email"]
[Date "2014.03.08"]
[Round "1"]
[White "Bromo, Alexis"]
[Black "Dotti Contra, Alessandro"]
[Result "1-0"]
[WhiteElo "1147"]
[BlackElo "1075"]
[PlyCount "55"]
[EventDate "2014.??.??"]
[EventType "tourn (corr)"]
[EventRounds "5"]
[SourceTitle "Corr 2022"]
[Source "ChessBase"]
[SourceDate "2021.10.24"]
[SourceVersion "1"]
[SourceVersionDate "2021.10.24"]
[SourceQuality "1"]

1. d4 d5 2. c4 Nf6 3. Nc3 Bg4 4. f3 Bh5 5. Bg5 e6 6. e4 h6 7. e5 hxg5 8. c5 Nc6 9. g4 Bg6 10. Bb5 Qd7 11. Nge2 a6 12. Bxc6 Qxc6 13. exf6 gxf6 14. b4 Rh3 15. 0-0 b6 16. Rc1 e5 17. Re1 Rxf3 18. Ng3 0-0-0 19. a4 e4 20. b5 axb5 21. axb5 Qe6 22. c6 Qxg4 23. Nce2 Bd6 24. Qa4 Ra3 25. Ra1 Rxa4 26. Rxa4 Kb8 27. Rea1 Qf3 28. Ra8# 1-0

[Event "IECC 2014-1.09"]
[Site "IECC email"]
[Date "2014.01.05"]
[Round "?"]
[White "Dotti Contra, Alessandro"]
[Black "Ciklabakkal, Metin"]
[Result "0-1"]
[WhiteElo "1301"]
[BlackElo "1498"]
[PlyCount "112"]
[EventDate "2014.??.??"]
[EventType "tourn (corr)"]
[SourceTitle "Corr 2020"]
[Source "ChessBase"]
[SourceDate "2019.09.30"]
[SourceVersion "1"]
[SourceVersionDate "2019.09.30"]
[SourceQuality "1"]
[WhiteTeam "Italy"]
[BlackTeam "Turkey"]
[WhiteTeamCountry "ITA"]
[BlackTeamCountry "TUR"]

1. e4 e6 2. Nf3 d5 3. exd5 exd5 4. d4 Nf6 5. Bb5+ c6 6. Bd3 Bd6 7. Qe2+ Qe7 8. Qxe7+ Kxe7 9. 0-0 Re8 10. Re1+ Kf8 11. Rxe8+ Kxe8 12. Nc3 Bg4 13. Bg5 Bxf3 14. Bxf6 gxf6 15. gxf3 h6 16. Re1+ Kf8 17. Ne2 Nd7 18. Bf5 Nb6 19. Ng3 Re8 20. Rxe8+ Kxe8 21. b3 Nd7 22. c3 Kd8 23. h4 Nf8 24. Bg4 Ng6 25. Nf5 Bf8 26. Kf1 Nf4 27. h5 Nd3 28. Ke2 Nf4+ 29. Kd2 Ne6 30. c4 Nf4 31. c5 b6 32. b4 Ke8 33. a4 Kd8 34. a5 bxa5 35. bxa5 Kc7 36. Ke3 Ng2+ 37. Kd3 Nf4+ 38. Kd2 Kb7 39. Kc3 Ne6 40. Kb4 Kc7 41. a6 Kd8 42. Kc3 Nc7 43. Bh3 Nxa6 44. Nd6 Bxd6 45. cxd6 Nb8 46. Kb4 Nd7 47. f4 f5 48. Bxf5 Nf6 49. Kc5 Nxh5 50. Kxc6 Nxf4 51. Kb7 h5 52. Kxa7 Ne6 53. Kb6 Kd7 54. Bd3 Kxd6 55. Be2 h4 56. Bg4 Nxd4 0-1

[Event "IECC 2014-1.09"]
[Site "IECC email"]
[Date "2014.01.05"]
[Round "?"]
[White "Dotti Contra, Alessandro"]
[Black "Rodrigues, Paulo Odonel"]
[Result "1/2-1/2"]
[WhiteElo "1273"]
[BlackElo "1953"]
[PlyCount "100"]
[EventDate "2014.??.??"]
[EventType "tourn (corr)"]
[SourceTitle "Corr 2020"]
[Source "ChessBase"]
[SourceDate "2019.09.30"]
[SourceVersion "1"]
[SourceVersionDate "2019.09.30"]
[SourceQuality "1"]
[WhiteTeam "Italy"]
[BlackTeam "Brazil"]
[WhiteTeamCountry "ITA"]
[BlackTeamCountry "BRA"]

1. e4 c5 2. Nf3 Nc6 3. Nc3 e5 4. Bb5 d6 5. 0-0 Nf6 6. d3 Be7 7. Nd5 0-0 8. Nxe7+ Qxe7 9. Bg5 h6 10. Bh4 a6 11. Ba4 Be6 12. c3 b5 13. Bb3 a5 14. Bxe6 fxe6 15. Re1 Rac8 16. Rc1 b4 17. a3 g5 18. Bg3 Kh7 19. h3 Kg7 20. cxb4 axb4 21. a4 Qf7 22. b3 Nh5 23. Bh2 Nf4 24. Bxf4 Qxf4 25. Rc2 g4 26. hxg4 Qxg4 27. Nd2 Qxd1 28. Rxd1 Nd4 29. Rb2 Kf6 30. Nc4 Ke7 31. f3 Rf4 32. Kf2 h5 33. Rh1 h4 34. Ne3 Kd7 35. Nc2 Nc6 36. Ne3 Rh8 37. Nc2 d5 38. Ne3 Kd6 39. Ng4 Nd4 40. Rh3 Rff8 41. Ke3 Rh7 42. Rb1 Rhh8 43. Kf2 Rh7 44. Ke3 Rhh8 45. Kf2 Rh5 46. Ke3 Ra8 47. Nf6 Rhh8 48. Ng4 Rag8 49. Kd2 Rh7 50. Ke3 Rf8 1/2-1/2